000 00349nam a22001697a 4500
003 UA-OsUOA
001 4133
007 ta
008 20050721b un ||||| |||| 00| 0 ukr d
100 _aMartin
700 _aAnn M.
942 _cBK
040 _aUA-OsUOA
_cUA-OsUOA
_dUA-OsUOA
245 _aKaren's school trip.
955 _a2
650 7 _2UDC
999 _c290295
_d290295